Statistics for Jeopardy #8558

Click here to take the quiz!

General Stats

  • This quiz has been taken 22 times
  • The average score is 11 of 61

Answer Stats

CategoryCashClueAnswer% Correct
WORLD LEADERS$200In 2020 this P.M. credited the U.K.'s National Health Service for saving his life after he spent time in the ICU battling COVIDBoris Johnson
85%
HOW ARE WE EVEN RELATED?$200Phil & Lily Collinsfather & daughter
85%
AN ORANGE CATEGORY$800The original version of this orange soda made by Coca-Cola was formulated in Germany during World War IIFanta
62%
LOCAL NICKNAMES$800Joburg is a shortening of this large African cityJohannesburg
62%
WORLD LEADERS$600At age 39 in 2017 he became the youngest president in the history of modern FranceMacron
62%
AN ORANGE CATEGORY$400Oh, my darlin', it's this variety of small mandarin orangea clementine
54%
ALL EARS$600These reptiles, such as the Nile type, have moveable external ear flaps that can be closed underwatercrocodiles
54%
POTENT POTABLES$200On a cold wintry night, warm up with a traditional hot buttered this drinkrum
54%
WORLD LEADERS$1000Israeli prime minister Menachem Begin shared the 1978 Nobel Peace Prize with this Egyptian presidentSadat
54%
LOCAL NICKNAMES$400In New York City this 3-letter abbreviation is a museum; in London it refers to the police forcethe Met
46%
CORRECT THAT NUMBER$400Spinal Tap's Nigel Tufnel, crankin' the dials on his amp waaay up: "These go to" 596, which would totally rock so hard11
38%
CORRECT THAT NUMBER$600In a Christmas song: 156 "drummers drumming", a multiple of the actual number that would totally rock so hard12
38%
HOW ARE WE EVEN RELATED?$1000Tippi Hedren & Dakota Johnsongrandmother & granddaughter
38%
POTENT POTABLES$800This type of booze is also a letter in the NATO phonetic alphabetwhiskey
38%
ALL EARS$400The low-hanging ears on these hunting hounds swing as they run, wafting scents to their nosesa Basset Hound
31%
AN ORANGE CATEGORY$600Prison supplier the Bob Barker Company offers a "high security" version of this garment in orange --no pocketsa jumpsuit
31%
ALL EARS$200Scientists aren't sure what the earlike tufts of feathers on these nocturnal raptors do; they may be used for camouflageowls
31%
HOW ARE WE EVEN RELATED?$400Jonah Hill & Beanie Feldsteinbrother & sister
23%
POTENT POTABLES$1000This yellow-green liqueur is made by Carthusian monksChartreuse
23%
ALL EARS$800These desert "rabbits" (really hares) got their name because their long ears were thought to resemble those of donkeysjackrabbits
23%
WORLD LEADERS$800Ellen Johnson Sirleaf, who became the first female president of this African nation, is related by marriage to funny lady RettaLiberia
23%
CEMETERIES$800In 2020 Ruth Bader Ginsburg was laid to rest at this cemetery outside Washington, D.C.Arlington
15%
HOW ARE WE EVEN RELATED?$800Bridget & Jane Fondaaunt & niece
15%
POTENT POTABLES$400Ilchester is a cheese created in 1962 by adding this potent potable to Cheddarbeer
15%
ALSO A BROADWAY MUSICAL$400Tanned actor George or "Terminator" actress LindaHamilton
15%
POTENT POTABLES$600Gusano Rojo is a popular brand of this tequila relative known for sometimes having a worm in the bottlemescal
15%
CEMETERIES$2000Chopin & Jim Morrison are now permanent residents of Paris at this cemeteryPère Lachaise
15%
CORRECT THAT NUMBER$800Slang for being absolutely truthful: I'm "keeping it" 7,322100
8%
CORRECT THAT NUMBER$1000In a classic poem: "Then they rode back, but not / Not the" 19600
8%
"BIG" TALK$800In 1958 the Fresno Bee reported that this had a 50-inch stride & traveled only at nightBigfoot
8%
CEMETERIES$1600Painter René Magritte is buried in Schaerbeek Cemetery just outside this European capitalBrussels
8%
WORLD LEADERS$400One succeeding the other, these two brothers both led their countryFidel & Raul Castro
8%
SHORT NOVELS$1200"A River Runs Through It" begins, "In our family, there was no clear line between religion and" this 2-word activityfly fishing
8%
ALSO A BROADWAY MUSICAL$800An ad slogan says, "Ajax... mild on hands, tough on" thisgrease
8%
AN ORANGE CATEGORY$1000Orange County, California is home to Disneyland & this other theme park that began as a roadside produce standKnott\'s Berry Farm
8%
SHORT NOVELS$400This classic centers on George Milton & Lennie Small, migrant workers in CaliforniaOf Mice and Men
8%
LOCAL NICKNAMES$1200In its web address, the University of Mississippi uses this 2-word nickname before .eduOle Miss
8%
"BIG" TALK$2000Ironically, it was cosmologist Fred Hoyle, a leading advocate of the steady-state theory, who coined this termthe big bang
8%
"BIG" TALK$1600A 1962 article said JFK's Democratic Party was like one of these, "sheltering liberals and conservatives"a big tent
0%
"BIG" TALK$1200As it name indicates, it's a retailer noted for a certain architectural stylebig box
0%
MEXICO BEFORE 1600$400Maya tracking their appointments could use the Haab 19-month one of these or the long count one, which covers 5,125 yearscalendars
0%
ALSO A BROADWAY MUSICAL$1600At the carnival, it's also known as a whirligigcarousel
0%
MEXICO BEFORE 1600$2000The biggest court for the ball game pok-ta-pok was in this 2-word city on the Yucatan whose ruins you can visit todayChichen Itza
0%
MEXICO BEFORE 1600$800This crop, zea mays, was cultivated thousands of years ago in Mexico & farmers learned how to hybridize it to get bigger kernelscorn
0%
SHORT NOVELS$1600This British-born author's "Mr. Norris Changes Trains" was later published as part of his "Berlin Stories"Isherwood
0%
ALL EARS$1000These singing cricket relatives with a female first name in their name have tiny ears on their legskatydids
0%
ALSO A BROADWAY MUSICAL$1200Last name of Willy & Benny, early 1900s New York City delicatessen entrepreneursKatz
0%
FILMS OF THE 2000sN/AOne of the screenwriters of this 2001 film described it as "'Clueless' meets 'The Paper Chase"'Legally Blonde
0%
MEXICO BEFORE 1600$1200The Toltec fashioned & traded various items out of this black volcanic glassobsidian
0%
LOCAL NICKNAMES$2000A Spud Islander is a resident of this Canadian province known for its potatoesPrince Edward Islander
0%
ALSO A BROADWAY MUSICAL$2000In the King James Bible, Mordecai & Reuben each got upset & did this to their clothesrent
0%
CEMETERIES$1200Naturally, Washington Irving rests at this famed cemetery in New York StateSleepy Hollow
0%
HOW ARE WE EVEN RELATED?$600Jason Momoa & Zoë Kravitzstepdad & stepdaughter
0%
LOCAL NICKNAMES$1600Convicts named an area of this city where they settled starting in 1788 "The Rocks"Sydney
0%
SHORT NOVELS$2000As the title of this daring 1899 work by Kate Chopin indicates, 20-something Edna Pontellier discovers her sexualityThe Awakening
0%
"BIG" TALK$400He's seen here in an old illustration meeting his endthe Big Bad Wolf
0%
SHORT NOVELS$800Set in Africa, this novella was published in Spanish as "El corazon de las tinieblas"the "Heart of Darkness"
0%
MEXICO BEFORE 1600$1600This people, the first big civilization in Mexico, left behind figures called werejaguarsthe Olmecs
0%
CORRECT THAT NUMBER$200Go home, you're drunk: to be very precise, you're 46 "sheets to the wind"three sheets to the wind (two sheets to the wind)
0%
AN ORANGE CATEGORY$200Tennessee orange is the primary color of the University of Tennessee; it's burnt orange for this school with the same initials(University of) Texas (at Austin)
0%
CEMETERIES$400Distinguished military officers like General Winfield Scott are buried in this service academy's cemeteryWest Point
0%

Score Distribution

Percentile by Number Answered

Percent of People with Each Score

Your Score History

You have not taken this quiz